| 000 | 00466 a2200145 4500 | ||
|---|---|---|---|
| 020 | _a0907052428 (paperback) | ||
| 020 | _a9780907052425 (paperback) | ||
| 090 |
_c5071 _d5071 |
||
| 100 | 1 | _aRahman, Afzalur. | |
| 245 | 1 | 0 |
_aIslam : _bbelief and practice / _cAfzalur Rahman. |
| 260 |
_a[S.l.] : _bSeerah Foundation, _c1991. |
||
| 300 | _a271 p. | ||
| 856 | 4 | 0 |
_3Amazon.com _uhttp://www.amazon.com/exec/obidos/ASIN/0907052428/chopaconline-20 |
| 942 |
_aNBS _cBK _k297.1 AFZ |
||
| 999 |
_c347494 _d347494 |
||